Memorias (Record no. 171862)

MARC details
000 -LEADER
campo de control de longitud fija 00646nam a22001935i 4500
001 - NÚMERO DE CONTROL
campo de control 171862
003 - IDENTIFICADOR DE NÚMERO DE CONTROL
campo de control ES-MaACL
005 - FECHA Y HORA DE LA ÚLTIMA TRANSACCIÓN
campo de control 20230906214742.0
008 - DATOS DE LONGITUD FIJA--INFORMACIÓN GENERAL
campo de control de longitud fija 090604s1977 sp |||| | spa d
080 ## - NÚMERO DE LA CLASIFICACIÓN DECIMAL UNIVERSAL
Número de la Clasificación Decimal Universal 929 Solzhenitsyn, Aleksandr Isaevich
080 ## - NÚMERO DE LA CLASIFICACIÓN DECIMAL UNIVERSAL
Número de la Clasificación Decimal Universal 821.161.1-94"19"
100 1# - ENTRADA PRINCIPAL--NOMBRE DE PERSONA
Nombre de persona Solzhenitsyn, Aleksandr Isaevich.
9 (RLIN) 107256
245 10 - MENCIÓN DEL TÍTULO
Título Memorias
Resto del título : (coces al aguijón) /
Mención de responsabilidad, etc. [por] Alexandr Solzhenitsin ; [traducción del ruso V. Lamsdorff].
250 ## - MENCION DE EDICION
Mención de edición [1ª ed.].
260 ## - PUBLICACIÓN, DISTRIBUCIÓN, ETC.
Lugar de publicación, distribución, etc. Barcelona :
Nombre del editor, distribuidor, etc. Argos,
Fecha de publicación, distribución, etc. 1977.
300 ## - DESCRIPCIÓN FÍSICA
Extensión 460 p. ;
Dimensiones 22 cm.
700 1# - ENTRADA AGREGADA--NOMBRE PERSONAL
Nombre de persona Lamsdorff-Galagane, Vladimiro.
9 (RLIN) 69875
852 ## - LOCALIZACIÓN
Ubicación ES-MaACL
Número de control de estantería A-6888
itemnumber R.95824
Holdings
Estatus retirado Estado de pérdida Estado de daño No para préstamo Biblioteca de origen Biblioteca actual Ubicación en estantería Fecha de adquisición Fuente de adquisición Total de préstamos Signatura topográfica completa Código de barras Visto por última vez Precio de reemplazo Tipo de ítem Koha
        Biblioteca del Ateneo de Madrid Biblioteca del Ateneo de Madrid Sala Pecera Planta 1 04/06/2009     A-6888 1180364 23/02/2023 23/02/2023 Libro impreso